Κατάλογος Βιβλιοθηκών Mediterranean College

Μνήμη και Γλώσσα / Οι Διαδικασίες Κατάκτησης και Επεξεργασίας των Γλωσσικών Πληροφοριών στη Μνήμη (Record no. 4030)

MARC details
000 -LEADER
fixed length control field 01585cam a22001934a 4500
005 - ΗΜΕΡΟΜΗΝΙΑ ΚΑΙ ΩΡΑ ΤΕΛΕΥΤΑΙΑΣ ΕΝΗΜΕΡΩΣΗΣ
Πεδίο ελέγχου 20250605164134.0
008 - FIXED-LENGTH DATA ELEMENTS--GENERAL INFORMATION
Πεδίο ελέγχου σταθερού μήκους 250528s ||||||||||||||||||||||||d
035 ## - SYSTEM CONTROL NUMBER
System control number 18704
020 ## - ISBN
ISBN 9604600478
040 ## - ΠΗΓΗ ΚΑΤΑΛΟΓΟΓΡΑΦΗΣΗΣ
Φορέας πρωτότυπης καταλογογράφησης MC Athens Campus Library
Γλώσσα καταλογογράφησης Ελληνικά, Μοντέρνα (1453-)
Modifying agency MC Athens Campus Library
Κανόνες περιγραφικής καταλογογράφησης AACR2
245 1# - ΤΙΤΛΟΣ ΚΑΙ ΔΗΛΩΣΗ ΥΠΕΥΘΥΝΟΤΗΤΑΣ
Τίτλος Μνήμη και Γλώσσα / Οι Διαδικασίες Κατάκτησης και Επεξεργασίας των Γλωσσικών Πληροφοριών στη Μνήμη
260 ## - PUBLICATION, DISTRIBUTION, ETC.
Name of publisher, distributor, etc. Σαββάλας,
Date of publication, distribution, etc. 1994
300 ## - PHYSICAL DESCRIPTION
Extent 160
520 ## - SUMMARY, ETC.
Summary, etc. Το παρόν βιβλίο καταγράφει και εξηγεί τις σύγχρονες θεωρίες για τις δομές και τις διαδικασίες κατάκτησης, επεξεργασίας και συγκράτησης στη μνήμη γλωσσικών πληροφοριών που λαμβάνουν χώρα στον ψυχισμό μας. Εισαγωγή: Τι Είναι Μνήμη, Τα Συστατικά Στοιχεία του Μνημονικού Συστήματος, Οι Γνωστικές Δομές ή οι Παραστάσεις των Γνώσεων στο Μνημονικό Σύστημα, Οι Διαδικασίες Επεξεργασίας της Γλωσσικής Πληροφορίας, Ανάκληση της Πληροφορίας, Επισκόπηση του Συνόλου των Θεωριών Κατανόησης και Απομνημόνευσης, Συμπέρασμα, Βιβλιογραφία.
700 1# - ΠΡΟΣΘΕΤΗ ΑΝΑΓΡΑΦΗ--ΦΥΣΙΚΟ ΠΡΟΣΩΠΟ
Personal name Kekenbosch Christiane
9 (RLIN) 4960
942 ## - ADDED ENTRY ELEMENTS (KOHA)
Koha item type Books
Holdings
Τύπος τεκμηρίου Βιβλιοθήκη Τρέχουσα τοποθεσία Barcode Αριθμός εισαγωγής Ημερομηνία απόκτησης Ταξιθετικό σύμβολο Αριθμός αντιτύπου Κατάσταση απόσυρσης Κατάσταση χαμένου Κατάσταση κατεστραμμένου Μη δανεισμός Σύνολο δανεισμών Ημερομηνία τελευταίας εμφάνισης Η τιμή ισχύει από
Books MC Athens Campus Library MC Athens Campus Library 9780000040299 3612 05/06/2025 155.413 ΚΕΚ 1           05/06/2025 05/06/2025

MC Athens Campus Library
Πατησίων 94 & Κοδριγκτώνος 13, 104 34
Πελλήνης 8 & Πατησίων 107, 112 51
Τ: +30 210 8899600

MC Thessaloniki Campus Library
Ίωνος Δραγούμη 21, 54625 | Ίωνος Δραγούμη 15, 54625
Τ: +30 2310 287779 – Τ: +30 2314 440300